000 00377nam a2200145 4500
999 _c744
_d744
008 191209b ||||| |||| 00| 0 eng d
082 0 0 _a623.8
_bS514
100 _aSeward, Herbert Lee.
_9275
245 1 0 _aMarine Engineering
_cby Herbert Lee Seward
260 _aNew York
_bSNAME
_c1942
300 _ax, 353 p.
490 0 _vVol 1
650 0 _aMarine Engineering
942 _2ddc
_cBK